03049 a2200157 45000010006000000050017000060080041000230030015000640400040000790800034001192450023001532640042001763000019002185052627002371000027028644669520260407155737.0260407a1979 arg spa dAR-UNSa-BCEJYS aAR-UNSa-BCEJYSbspacAR-UNSa-BCEJYS a94(82)xHistoria de Argentina10aHistoria Argentina 1aBuenos Aires :bEdiciones Solarc1979 a804 p.c20 cm. a1.El Río de Solís en el ámbito de los descubrimientos – 2. Donde estaban en Rey Blanco y la Sierra de la plata. La conquista del Perú – 3. La desventurada expedición de Don Pedro de Mendoza – 4. Del Paraguay a los confines del Perú – 5. De las charcas al puerto de Caboto. La conquista del Tucumán – 6. La vida inquieta de Asunción y la las fundaciones del litoral platense – 7. El ensanche de un Imperio y la clausura de un puerto – 8. El menoscabo de la Corona de Castilla y sus consecuencias en América – 9. La instrucción portuguesa en el Río de la Plata – 10. A merced de la paz de Utrecht – 11. Política de paz, política de guerra y una expulsión: todo en perjuicio del Río de la Plata – 12. Una gran empresa malograda y un virreinato de corta duración – 13. El rey José Bonaparte, la máscara de Fernando y el advenimiento del pueblo Argentino – 14. La frustrada Asamblea de 1813. La vuelta del Rey “al trono de sus mayores” y sus efectos en la Revolución Argentina – 15. La unión republicana excluida por la unidad monárquica. Hacia el protectorado portugués. La declaración de Independencia – 16. Una empresa de transcendencia americana. La ilusión monárquica y el fermento de la democracia federal – 17. El año veinte. El tratado del Pilar y sus consecuencias. El aislamiento rivadaviano – 18. Un congreso. Una guerra. La “aventura presidencial” y un fusilamiento inicuo – 19. La dictadura unitaria y el comienzo de la dictadura federal – 20. La reacción unitaria apoyada por el extranjero, el bloqueo francés y un tratado honroso para la Confederación – 21. Una campaña de mil leguas. La fascinación del Paraguay. Oribe frente a Montevideo y la intervención anglo – francesa – 22. La coalición de estados americanos y europeos contra el gobierno de la República Argentina. La lucha de muerte – 23. Años de guerra y de sucesión aprovechados por el extranjero. Esfuerzo de Urquiza para rescatar la paz y la unión. La Constitución Federal – 24. Unos malos convenios con el Brasil y más patacones para la Confederación. La “hecatombe” y el crimen. Cepeda y la integración nacional. La Constitución del “53”reformada. Otro crimen… y la batalla de Pavón – 25. La nueva integración nacional cumplida desde Buenos Aires. El uruguayo invadido por Venancio Flores y por el Brasil. Francisco Solano López y el equilibrio del Río de la Plata. Una presidencia malograda. 1861-1865 – 26. La guerra del Paraguay. El desorden interior y una campaña presidencial. 1 aBusaniche, José Luis